| 000 | 005550000a22001930004500 | ||
|---|---|---|---|
| 003 | LK-CoMWRAF | ||
| 005 | 20230929110041.0 | ||
| 008 | 230817t ||||| |||| 00| 0 eng d | ||
| 040 |
_aLK-CoMWRAF _dLK-CoMWRAF _eLK-CoMWRAF |
||
| 041 | _aeng | ||
| 082 |
_a297 _bKHA |
||
| 100 | _aKhandalvi, Muhammad Zakariyya | ||
| 245 |
_aStories of Sahabah : _bRevised translation of Urdu book Hikayaat-e-Sahabah |
||
| 260 |
_aKarachi : _bMaktaba-e-Rashidia, |
||
| 650 | _aIslam | ||
| 650 | _aIslam--Sahabah | ||
| 700 |
_aArshad, Abdul Rashid _etrans. |
||
| 942 | _cBK | ||
| 999 |
_c2781 _d2781 |
||